all friday the 13th films by picture - Statistics

General Stats
  • This quiz has been taken 14 times
  • The average score is 6 of 12
Answer Stats
Picture Answer % Correct
friday the 13th
100%
friday the 13th part 2
75%
friday the 13th part 3
75%
freddy vs jason
67%
jason X
67%
friday the 13th the final chapter
58%
friday the 13th jason lives
33%
friday the 13th jason takes Manhattan
33%
friday the 13th a new beginning
25%
friday the 13th the new blood
25%
friday the 13th remake
17%
jason goes to hell the final friday
17%
No matching quizzes found
Score Distribution
Percent of People with Each Score
Percentile by Number Answered
Your Score History
You have not taken this quiz